000 00619nam a2200193Ia 4500
005 20250508154129.0
008 008 250505s9999 xx 000 0 eng d
037 _aDissertations
040 _aFEDL
_beng
_cFEDL
041 _aeng
_2eng
084 _a371.2, KAU/DI
_qFEDL
100 _aKaul Lal Chand
245 0 _aInvestigation into mode and range of inspection of Delhi municipal corporation schools and suggestions for its improvement
260 _c1966
300 _aiv,141p.
546 _aM. Ed. Dissertations (Delhi University)
942 _cDIS
_h371.2, KAU/DI
999 _c1347869
_d1347869